000 00770nac a22002171u 4500
010 _a 76005446
020 _a0132122251
022 _a8120301498
082 0 0 _a621.381958
_bL5101
090 _c2938
_d2938
100 _aLee, Samuel C.,
245 1 0 _aDigital circuits and logic design /
_cSamuel C. Lee.
260 _aEnglewood Cliffs, N.J. :
_bPrentice-Hall,
_cc1976.
300 _axii, 594 p. :
_bill. ;
_c24 cm.
504 _aIncludes bibliographies and index.
650 0 _aDigital electronics.
650 0 _aLogic design.
650 0 _aIntegrated circuits.
942 _cBB
_k621.381958L5101
999 _c2938
_d2938